00481nam a2200157 a 45000010010000000030011000100080041000210200015000620350026000771000021001032450074001242600051001983000017002496500027002668560030002930001-1125ELIB.Books150430 2010 eng  a0847412350 a(ELIB.Books)0001-1280 aEpp, Theodore H. aStrength For The Journey:bA Daily Devotional for Your Spiritual Walk aLincolnbA Back to the Bible Publicationc1984 a382c21.5 Cm aDivotiuonal Literature nKBTS: LibraryuKBTS: Elib